De Joselito a Manolete (Record no. 25001)

MARC details
000 -LEADER
campo de control de longitud fija 00744nam a2200193 i 4500
001 - NÚMERO DE CONTROL
campo de control 25001
003 - IDENTIFICADOR DE NÚMERO DE CONTROL
campo de control ES-MaACL
005 - FECHA Y HORA DE LA ÚLTIMA TRANSACCIÓN
campo de control 20251004063048.0
007 - CAMPO FIJO DE DESCRIPCIÓN FÍSICA--INFORMACIÓN GENERAL
campo de control de longitud fija t|
008 - DATOS DE LONGITUD FIJA--INFORMACIÓN GENERAL
campo de control de longitud fija 021219s1956 sp ||||1| spa d
100 1# - ENTRADA PRINCIPAL--NOMBRE DE PERSONA
Nombre de persona Apraiz, Ricardo de,
Fechas asociadas al nombre 1899-1968
9 (RLIN) 22124
245 10 - MENCIÓN DEL TÍTULO
Título De Joselito a Manolete
Resto del título : Talavera-Linares : (Charlas dadas en "Radio Vitoria") /
Mención de responsabilidad, etc. Licenciado Rompelanzas (seud) ; prólogo de José María de Cossío.
260 ## - PUBLICACIÓN, DISTRIBUCIÓN, ETC.
Lugar de publicación, distribución, etc. [S.l. :
Nombre del editor, distribuidor, etc. s.n.,
Fecha de publicación, distribución, etc. s.a] (
Lugar de fabricación/manufactura [Vitoria :
Fabricante Talls. Edit. Social Católica,
Fecha de fabricación/manufactura 1956])
300 ## - DESCRIPCIÓN FÍSICA
Extensión XXII, 120 p., 8 lám. ;
Dimensiones 22 cm.
650 #4 - PUNTO DE ACCESO ADICIONAL DE MATERIA--TÉRMINO DE MATERIA
Término de materia o nombre geográfico como elemento de entrada Corridas de toros.
9 (RLIN) 11370
700 1# - ENTRADA AGREGADA--NOMBRE PERSONAL
Nombre de persona Cossío, José María de,
Fechas asociadas al nombre 1893-1977
9 (RLIN) 41017
852 ## - LOCALIZACIÓN
Ubicación ES-MaACL
Número de control de estantería C-11554
Sublocalización o colección R.39365
Holdings
Estatus retirado Estado de pérdida Estado de daño No para préstamo Biblioteca de origen Biblioteca actual Ubicación en estantería Fecha de adquisición Fuente de adquisición Total de préstamos Signatura topográfica completa Código de barras Visto por última vez Precio de reemplazo Tipo de ítem Koha
        Biblioteca del Ateneo de Madrid Biblioteca del Ateneo de Madrid Sala Palomar 17/01/2008     C-11554 1025776 23/02/2023 23/02/2023 Libro impreso